| 000 | 00855nam a2200277 a 4500 | ||
|---|---|---|---|
| 999 |
_c5114 _d5114 |
||
| 001 | 5114 | ||
| 003 | BD-JhCC | ||
| 005 | 20221116134024.0 | ||
| 008 | 171209r19981997enka 000 1 eng d | ||
| 020 | _a0753804611 | ||
| 035 | _a(BD-JhCC)5114 | ||
| 040 |
_aBDS _dBD-JhCC |
||
| 041 | 1 |
_aeng _hnor |
|
| 082 | 0 |
_a839.82374 _221 _bGAA 1998 |
|
| 100 | 1 |
_aGaarder, Jostein, _d1952- |
|
| 245 | 1 | 0 |
_aVita brevis : _ba letter to St Augustine / _cJostein Gaarder ; illustrated by Sarah Perkins ; translated by Anne Born. |
| 260 |
_aLondon : _bPhoenix, _c1998. |
||
| 300 |
_a164 p. : _bill. ; _c20 cm. |
||
| 500 | _aTranslated from the Norwegian. | ||
| 500 | _aOriginally published: 1997. | ||
| 600 | 0 | 0 |
_aAugustine, _cof Hippo, Saint, _d354-430 |
| 650 | 0 |
_aChastity, Vow of _vFiction. |
|
| 700 | 1 | _aPerkins, Sarah. | |
| 700 | 1 | _aBorn, Anne. | |
| 942 |
_2ddc _cBK _01 |
||